| 000 | 00635nam a22002297a 4500 | ||
|---|---|---|---|
| 003 | OSt | ||
| 005 | 20151201100240.0 | ||
| 008 | 151126s2015 -uk||||| |||| 00| 0 eng d | ||
| 020 | _a9780262018838 | ||
| 040 |
_aCDMR _bcat _cCDMR |
||
| 100 | 1 |
_94599 _aRogers, Richard |
|
| 245 |
_aDigital methods _cRichard Rogers |
||
| 260 |
_aCambridge: _bThe MIT Press, _c2015 |
||
| 300 | _a274 p. | ||
| 504 | _aNotes p. 213-232 | ||
| 504 | _aBibliografia p. 233-259 | ||
| 504 | _aÍndex p. 261-274 | ||
| 650 | 0 | 4 |
_93135 _aRecuperació de la informació |
| 650 | 0 | 4 |
_93238 _aPeriodisme de precisió |
| 650 | 0 | 4 |
_94608 _aInfografia |
| 942 |
_2udc _cMON |
||
| 999 |
_c6900 _d6900 |
||